| 000 | 00488cam a2200193ua 4500 | ||
|---|---|---|---|
| 020 | _c15.50 | ||
| 041 |
_aeng _h |
||
| 082 |
_a621.301 _bCOT/SO |
||
| 100 | _aCotton, H . | ||
| 245 |
_aSolution of problems in electrical technology / _cH Cotton. _hTextual Documents |
||
| 250 |
_a1 / _b. |
||
| 260 |
_aLondon : _bSir Isaac Pitman & Sons Ltd , _c1966. |
||
| 300 | _a315 ; . | ||
| 365 | _a15.50 | ||
| 504 | _a | ||
| 700 | 1 | _aParry, J V . | |
| 942 | _cBK | ||
| 999 |
_c9122 _d9122 |
||